书目信息 |
| 书名: | THE OTHER QUEEN | |
| 作者: | PHILIPPA GREGORY | |
| 分册号: | ||
| 分册名: | 出版地: | Great Britain |
|
| 出版社: | HARPER | |
| 出版时间: | 2008 | |
| 页数: | 442p | |
| 开本: | 20cm | |
| 丛书名: | ||
| 中图分类号: | ||
| 科图分类号: | ||
| 其他分类号: | I712.45 | |
| 主题词: | ||
| 电子资源: | ||
| 000 | 00515nam0 2200205 450 | |
| 001 | 052012174837 | |
| 005 | 20121124151116.0 | |
| 008 | 20021229d1997 em y0chiy0121 ea | |
| 020 | @a978-0-00-719214-4@c$7.99 | |
| 041 | @aeng | |
| 091 | @aI712.54 | |
| 099 | @dI712.45@eP551 | |
| 100 | @aPHILIPPA GREGORY | |
| 245 | 10 | @aTHE OTHER QUEEN @cPHILIPPA GREGORY |
| 260 | @aGreat Britain @bHARPER@c2008 | |
| 300 | @a442p@c20cm | |
| 521 | @aTHE OTHER QUEEN | |
| 905 | @b11605 | |
| 905 | @b12081 | |
| 905 | @aTSG@dI712.45@eP551 | |
| THE OTHER QUEEN / PHILIPPA GREGORY.-Great Britain : HARPER , 2008 |
| 442p ; 20cm |
| THE OTHER QUEEN |
| ISBN 978-0-00-719214-4$7.99 |
| ● |
| 相关链接 |
|
|
|
正题名:THE OTHER QUEEN
索取号:I712.45/P551
 
预约/预借
| 序号 | 登录号 | 条形码 | 馆藏地/架位号 | 状态 | 备注 |